Представление документа в формате RUSMARC

ПолеНазваниеЗначение
  Тип записи a
  Библиографический уровень a
001 Контрольный номер RU/CBS_UL/BASE/572964933
005 Дата корректировки 20240209175222.1
100 Данные общей обработки __
a Данные общей обработки 20180226d2018 ||| 0rusy0189 ca
101 Язык документа 0_
a Язык текста rus
102 Страна публикации __
a Страна публикации RU
105 Кодированные данные (монография) __
a Кодированные данные (монография) y###||||000|y
200 Заглавие и сведения об ответственности 1_
a Заглавие Творчество С. Аксакова в начальной школе
b Общее обозначение материала Текст
e Сведения, относящиеся к заглавию [физическая культура, окружающий мир, литературное чтение для 3 класса]
f Первые сведения об ответственности И. Маркелова, Д. Чуприн
300 Общие примечания __
a Общие примечания Ограничения по возрасту - 16+
461 Уровень набора _0
1 2000
a Магариф
463 Уровень физической единицы _0
1 001RU/CBS_UL/BASE/572611235
1 2000
a № 2
v С. 61-62
1 210
d 2018
600 Персоналии _0
a Персоналии (Фамилия) Аксаков
b Персоналии (Имя, инициалы) С.
606 Тематические рубрики 0_
a Основная рубрика Аксаков, Сергей Тимофеевич (1791 - 1859)
608 Указатель предметных рубрик __
a Жанр/форма Жанр
610 Ключевые слова 0_
a Ключевые слова урок русской литературы
a Ключевые слова начальная школа
a Ключевые слова физическая культура
a Ключевые слова окружающий мир
686 Индексы других классификаций __
a Классификационный индекс 74.26
a Классификационный индекс 83.3(2Рос=Рус)
2 Код системы ББК
700 Автор _1
a Фамилия Маркелова
b Имя (инициалы) И.
701 Альтернативная интеллектуальная ответственность _1
a Фамилия Чуприн
b Имя (инициалы) Д.
801 Источник записи _0
a Страна RU
b Организация МБУК ЦБС г. Ульяновска
c Дата составления 20180226
g Правила каталогизации RCR
801 Источник записи _1
a Страна RU
b Организация МБУК ЦБС г. Ульяновска
c Дата составления 20180226
g Правила каталогизации RCR
901 Тип документа __
t Тип документа b
w Контрольный № источника RU/CBS_UL/BASE/572611235
910 Корректоры записи __
a Корректор записи Библиотека 17
938 Служебная информация __
a Имя БД period